LEADER 00906nam0-2200289 --450 001 9911064727203321 005 20260223110055.0 010 $a9791222300825 020 $aIT$b2024-7893 100 $a20260223d2024----kmuy0itay5050 ba 101 0 $aita 102 $aIT 105 $a 001yy 200 1 $a<>cura del paziente e la diversitą spirituale$eper una medicina interculturale$fa cura di Giovanni Boniolo ed Enrica Martinelli 210 $aMilano ; Udine$cMimesis$d©2024 215 $a236 p.$cill.$d21 cm 225 1 $aEterotopie$v950 676 $a174.2$v23$zita 702 1$aBoniolo,$bGiovanni$f<1956- > 702 1$aMartinelli,$bEnrica$f<1961- > 801 0$aIT$bUNINA$gREICAT$2UNIMARC 901 $aBK 912 $a9911064727203321 952 $aII E 47$b2025/2016$fFGBC 959 $aFGBC 996 $aCura del paziente e la diversitą spirituale$94545711 997 $aUNINA